Clustering in the universe = : (Record no. 28769)
[ view plain ]
| 000 -LEADER | |
|---|---|
| fixed length control field | 00581 a2200157 4500 |
| 020 ## - INTERNATIONAL STANDARD BOOK NUMBER | |
| International Standard Book Number | 2863320211 |
| 020 ## - INTERNATIONAL STANDARD BOOK NUMBER | |
| International Standard Book Number | 9782863320211 |
| 090 ## - LOCALLY ASSIGNED LC-TYPE CALL NUMBER (OCLC); LOCAL CALL NUMBER (RLIN) | |
| -- | 130 |
| -- | 130 |
| 100 1# - MAIN ENTRY--PERSONAL NAME | |
| Personal name | Gerbal, D. and A. Mazure (eds). |
| 245 10 - TITLE STATEMENT | |
| Title | Clustering in the universe = : |
| Remainder of title | L'univers et ses structures / |
| Statement of responsibility, etc. | D. and A. Mazure (eds). Gerbal. |
| 260 ## - PUBLICATION, DISTRIBUTION, ETC. | |
| Place of publication, distribution, etc. | [S.l.] : |
| Name of publisher, distributor, etc. | Editions Frontieres, |
| Date of publication, distribution, etc. | 1983. |
| 300 ## - PHYSICAL DESCRIPTION | |
| Extent | 349 p. ; |
| Dimensions | 22 cm. |
| 500 ## - GENERAL NOTE | |
| General note | Hardcover. |
| 942 ## - ADDED ENTRY ELEMENTS (KOHA) | |
| Institution code [OBSOLETE] | SNS |
| Koha item type | Book |
| Call number prefix | 523.112 GER |
| Withdrawn status | Lost status | Damaged status | Not for loan | Permanent Location | Current Location | Date acquired | Total Checkouts | Full call number | Barcode | Date last seen | Price effective from | Koha item type |
|---|---|---|---|---|---|---|---|---|---|---|---|---|
| School of Natural Sciences (SNS) | School of Natural Sciences (SNS) | 05/26/2016 | 523.112 GER | SNS0000023 | 05/26/2016 | 05/26/2016 | Book |
